000 00559nam a2200181Ia 4500
003 OSt
005 20200813130702.0
008 190216s9999||||xx |||||||||||||| ||und||
020 _a9788173713712
040 _coclc
082 _a543.0858
_bSAT/E
100 _aSathyanarayana, D N
_94108
245 0 _aElectronic Absorption Spectroscopy And Related Techniques /
_cD N Sathyanarayana
260 _bUniversities Press,
_c2000.
_aHyderbad:
300 _a532p
650 _aChemistry
942 _cBK
_2ddc
_h543.0858
_iSAT/E
_k543.0858
_mSAT/E
999 _c3124
_d3124